000 00345nam a2200145Ia 4500
008 090124s9999 xx 000 0 und d
082 _b300874
245 _a सखी
250 _a1
260 _bभारद्वाज मंदाकिनी
_c1982
300 _a147
630 _a सखी
730 _a सखी
942 _cBOOK
999 _c190428
_d190428